Central Library OPAC University of Rajshahi

Manual of Structural Kinesiology / (Record no. 73115)

MARC details
000 -LEADER
fixed length control field 00805nam a2200265 a 4500
001 - CONTROL NUMBER
control field 73115
003 - CONTROL NUMBER IDENTIFIER
rucl marc code BD-RjUL
005 - DATE AND TIME OF LATEST TRANSACTION
control field 20211209082342.0
008 - FIXED-LENGTH DATA ELEMENTS--GENERAL INFORMATION
fixed length control field 170528s1969 moua b 001 0 eng d
035 ## - SYSTEM CONTROL NUMBER
System control number (BD-RjUL)73333
040 ## - CATALOGING SOURCE
Original cataloging agency DLC
Transcribing agency DLC
Modifying agency BD-RjUL
Language of cataloging eng
041 ## - LANGUAGE CODE
Language code of text/sound track or separate title eng
082 00 - DEWEY DECIMAL CLASSIFICATION NUMBER
Classification number 612.76
Edition number 23
Author mark and year THM 1969
100 1# - MAIN ENTRY--PERSONAL NAME
Personal name Thompson, Clem W.
9 (RLIN) 216285
245 10 - TITLE STATEMENT
Title Manual of Structural Kinesiology /
Statement of responsibility, etc. [by] Clem W. Thompson
250 ## - EDITION STATEMENT
Edition statement 6th ed.
260 ## - PUBLICATION, DISTRIBUTION, ETC. (IMPRINT)
Place of publication, distribution, etc. Saint Louis :
Name of publisher, distributor, etc. Mosby,
Date of publication, distribution, etc. c19769.
300 ## - PHYSICAL DESCRIPTION
Pagination vii, 163 p. :
Illustrations ill. ;
Size 27 cm.
500 ## - GENERAL NOTE
General note First ed., by L. G. Kranz, published in 1948 under title: Kinesiology, laboratory manual.
504 ## - BIBLIOGRAPHY, ETC. NOTE
Bibliography, etc Bibliography: p. 132.
650 #0 - SUBJECT ADDED ENTRY--TOPICAL TERM
Topical term or geographic name as entry element Kinesiology
9 (RLIN) 216253
Topical term or geographic name as entry element Muscles.
9 (RLIN) 216256
942 ## - ADDED ENTRY ELEMENTS (KOHA)
Source of classification or shelving scheme Dewey Decimal Classification
Koha item type Books
Holdings
Lost status Source of classification or shelving scheme Damaged status Not for loan Collection code Permanent Location Current Location Shelving location Date acquired Source of acquisition Total Checkouts Full call number Date last seen Copy number Koha item type
  Dewey Decimal Classification   Not For Loan Non-fiction Central Library, University of Rajshahi Central Library, University of Rajshahi Reading Room 11/02/1970 Zeetlinger   612.76 THM 1969 28/05/2017 C-1 Books